Obscure Animal Facts - Statistics

General Stats
  • This quiz has been taken 98 times
  • The average score is 4 of 12
Answer Stats
Hint Answer % Correct
Venomous mammal that lays eggs Platypus
96%
Amphibian native only to Lake Xochimilco Axolotl
61%
Can survive the vacuum of space Tardigrade
60%
Cephalopod with an exterior shell Nautilus
39%
Animal with the most complex eyesight Mantis Shrimp
38%
Biologically immortal Immortal Jellyfish
32%
Fungus-farming insect Leafcutter Ant
25%
This bird's chicks have claws on their wings Hoatzin
22%
Carry sea anemones in each of their claws Pom-pom Crab
14%
Have a skull, but no spine Hagfish
10%
The only cold-blooded mammal Naked Mole-rat
8%
Has a shell made of iron Volcano Snail
6%
No matching quizzes found
Score Distribution
Percent of People with Each Score
Percentile by Number Answered
Your Score History
You have not taken this quiz